|
|
|
|
| LEADER |
01515nam a2200397 a 4500 |
| 001 |
000744232 |
| 003 |
CZ BrMZK |
| 005 |
20061128105547.0 |
| 007 |
ta |
| 008 |
041018s2004 xr a cr 000 j cze d |
| 015 |
|
|
|a cnb001447701
|
| 020 |
|
|
|a 80-00-01422-X
|q (váz.)
|
| 035 |
|
|
|a (OCoLC)85121678
|
| 040 |
|
|
|a BOA001
|b cze
|
| 041 |
1 |
|
|a cze
|h eng
|
| 072 |
|
7 |
|a 821-93
|x Literatura pro děti a mládež (beletrie)
|2 Konspekt
|9 26
|
| 072 |
|
7 |
|a 821.111-3
|x Anglická próza, anglicky psaná
|2 Konspekt
|9 25
|
| 080 |
|
|
|a 821-93
|2 MRF
|
| 080 |
|
|
|a 821.111-32
|2 MRF
|
| 080 |
|
|
|a (0:82-32)
|2 MRF
|
| 100 |
1 |
|
|a Daniels, Lucy
|7 xx0004388
|4 aut
|
| 245 |
1 |
0 |
|a Morče ve skleníku /
|c Lucy Danielsová ; [přeložila Hana Parkánová-Whitton ; ilustrovala Jitka Walterová]
|
| 250 |
|
|
|a 1. vyd.
|
| 260 |
|
|
|a Praha :
|b Albatros,
|c 2004
|
| 300 |
|
|
|a 118 s. :
|b il. ;
|c 20 cm
|
| 500 |
|
|
|a Přeloženo z angličtiny
|
| 521 |
8 |
|
|a Pro děti od 9 let
|
| 500 |
|
|
|a Dostupné též v digitální podobě v aplikaci Kramerius
|
| 655 |
|
7 |
|a anglické příběhy
|7 fd131813
|2 czenas
|
| 655 |
|
7 |
|a publikace pro děti
|7 fd133156
|2 czenas
|
| 700 |
1 |
|
|a Walterová, Jitka,
|d 1947-
|7 jk01151407
|4 ill
|
| 765 |
0 |
|
|t Guinea-pig in the greenhouse
|9 Česky
|
| 856 |
4 |
1 |
|u http://www.digitalniknihovna.cz/mzk/uuid/uuid:d1215950-0237-11e7-aa6c-005056827e52
|y Digitalizovaný dokument
|x NDK
|
| 910 |
|
|
|a BOA001
|b 2-1141.473
|
| 990 |
|
|
|a BK
|
| 996 |
6 |
|
|b 2610230806
|c 2-1141.473
|l MZK
|r Sklad / do 1 hodiny
|n 5
|p p.v.
|w 000744232
|u 000010
|a 1
|e BOA001
|j MZK50
|s P
|